Introduction To Information Technology (Record no. 38766)

MARC details
000 -LEADER
fixed length control field 00507nam a2200193Ia 4500
008 - FIXED-LENGTH DATA ELEMENTS--GENERAL INFORMATION
fixed length control field 220531s9999 xx 000 0 und d
041 ## - LANGUAGE CODE
Language code of text/sound track or separate title eng
082 ## - DEWEY DECIMAL CLASSIFICATION NUMBER
Classification number 4
Item number RAJ
100 ## - MAIN ENTRY--PERSONAL NAME
Personal name Rajaraman, V.
9 (RLIN) 69069
245 ## - TITLE STATEMENT
Title Introduction To Information Technology
250 ## - EDITION STATEMENT
Edition statement 2ND
260 ## - PUBLICATION, DISTRIBUTION, ETC. (IMPRINT)
Place of publication, distribution, etc. New Delhi
Name of publisher, distributor, etc. PHI Learning
Date of publication, distribution, etc. 2014
300 ## - PHYSICAL DESCRIPTION
Extent 372
542 ## - INFORMATION RELATING TO COPYRIGHT STATUS
Copyright holder 04-09-2014
551 ## -
-- Computer Science
-- Non-grant-CS
650 ## - SUBJECT ADDED ENTRY--TOPICAL TERM
Topical term or geographic name as entry element Info Technology
9 (RLIN) 69070
906 ## - LOCAL DATA ELEMENT F, LDF (RLIN)
d 2014-2015
f 1044
Holdings
Withdrawn status Lost status Source of classification or shelving scheme Damaged status Not for loan Collection code Home library Current library Date acquired Vendor Cost, normal purchase price Total Checkouts Total Holds Full call number Barcode Date last seen Bill Date Koha item type Original Barcode
    Dewey Decimal Classification       Shri Siddhivinayak Mahila Mahavidyalaya Shri Siddhivinayak Mahila Mahavidyalaya 06/09/2014 Creative Book Service 295.00   1 004/RAJ/B/20234 SSMM-BK-20234 06/08/2022 06/08/2022 Books 010020234